Ασφάλεια πληροφοριακών συστημάτων : μεταπτυχιακή εργασία
Αποθηκεύτηκε σε:
| Κύριος συγγραφέας: | |
|---|---|
| Συγγραφή απο Οργανισμό/Αρχή: | |
| Άλλοι συγγραφείς: | |
| Μορφή: | Thesis Βιβλίο |
| Γλώσσα: | Greek |
| Δημοσίευση: |
2004
|
| Θέματα: | |
| Ετικέτες: |
Προσθήκη ετικέτας
Δεν υπάρχουν, Καταχωρήστε ετικέτα πρώτοι!
|
MARC
| LEADER | 00000cam a2200000 i 4500 | ||
|---|---|---|---|
| 001 | 1/50078 | ||
| 008 | 040304s2004 gre d | ||
| 035 | |l 10072520 | ||
| 040 | |a GR-MY-UA |b gre |e aacr | ||
| 041 | 0 | |a gre | |
| 082 | 0 | |a 005.8 |2 (22) | |
| 100 | 1 | |a Καλαντζή, Παρασκευή. | |
| 245 | 1 | 0 | |a Ασφάλεια πληροφοριακών συστημάτων : |b μεταπτυχιακή εργασία / |c Καλαντζή Παρασκευή ; επιβλέπων: Βαλίρης Γεώργιος |
| 260 | |c 2004 | ||
| 300 | |a 145 σ.; |b διαγρ.; |c 30 εκ. | ||
| 502 | # | # | |a Διατριβή (μεταπτυχιακή) – Πανεπιστήμιο Αιγαίου, Χίος, 2004. |
| 504 | |a Περιλαμβάνει βιβλιογραφία | ||
| 610 | 2 | 0 | |a Πανεπιστήμιο Αιγαίου. |
| 650 | 0 | 0 | |a Information storage and retrieval systems |x Security measures. |
| 650 | 0 | 0 | |a Firewalls (Computer security) |
| 650 | 0 | 0 | |a Cryptography. |
| 650 | 0 | 0 | |a Dissertations, Academic |z Greece. |
| 700 | 1 | |a Βαλίρης, Γεώργιος. |4 ths | |
| 710 | 1 | |a Πανεπιστήμιο Αιγαίου |b Σχολή Επιστημών της Διοίκησης |b Τμήμα Διοίκησης Επιχειρήσεων |b Πρόγραμμα Μεταπτυχιακών Σπουδών στη Διοίκηση Επιχειρήσεων - M.B.A. | |
| 852 | |a INST |b CHIOS |c DIATR |e 20040304 |h 005.8 ΚΑΛ |p 005200023483 |q 005200023483 |t MTXE |y 23 | ||
| 852 | |a INST |b CHIOS |c DIATR |e 20040304 |h 005.8 ΚΑΛ |p 005200023484 |q 005200023484 |t MTXE |y 23 | ||
| 901 | |a BIBL2-2004-1 | ||
| 909 | |a Χ |b 108669 | ||
| 909 | |a Χ |b 108664 | ||
| 924 | |a ΚΑΛΑΝΤΖΗ |b ΠΑΡΑΣΚΕΥΗ |y ΧΙΟΣ |z 2004-03 | ||
| 970 | |a ΒΑΣΙΛΑΚΗ |b ΝΙΚΗ |z 2004/03/04 | ||